| 000 | 01917nam a2200397 i 4500 | ||
|---|---|---|---|
| 001 | ocn973281490 | ||
| 003 | OCoLC | ||
| 005 | 20250902030055.0 | ||
| 008 | 171027s2017 nyu 000 1 eng d | ||
| 020 | _a9780399586996 (pbk.) | ||
| 020 | _a0399586997 (pbk.) | ||
| 035 | _a(OCoLC)973281490 | ||
| 040 |
_aBTCTA _beng _erda _cBTCTA |
||
| 043 | _an-us-ga | ||
| 100 | 1 |
_aCates, Bailey, _eauthor. |
|
| 245 | 1 | 0 |
_aPotions and pastries / _cBailey Cates. |
| 250 | _aFirst edition. | ||
| 264 | 1 |
_aNew York : _bBerkley Prime Crime, _c2017. |
|
| 264 | 4 | _c℗♭2018. | |
| 300 |
_a292 pages ; _c18 cm. |
||
| 336 |
_atext _btxt _2rdacontent. |
||
| 337 |
_aunmediated _bn _2rdamedia. |
||
| 338 |
_avolume _bnc _2rdacarrier. |
||
| 490 | 1 |
_aA magical bakery mystery ; _v[7] |
|
| 520 | 0 | _aIt's been exactly two years since Katie and her aunt and uncle opened the Honeybee Bakery, where they serve delicious--and bespelled--treats to the good people of Savannah. After a dinner celebrating the bakery's anniversary, they all take a stroll along the waterfront and meet Aunt Lucy's friend Orla, a colorful character who has been telling the fortunes of locals and tourists alike for years. The next day, Orla meets with what seems like a terrible accident, but Katie's witchy intuition tells her it was something more sinister. Together with her trustworthy coven and her firefighter boyfriend, she'll race to find out what happened to the unfortunate fortune-teller before the piping hot trail goes cold.... | |
| 650 | 0 |
_aBakers _vFiction. |
|
| 650 | 0 |
_aWitches _vFiction. |
|
| 650 | 0 |
_aFortune-telling _vFiction. |
|
| 650 | 0 |
_aFortune-tellers _xCrimes against _vFiction. |
|
| 650 | 0 |
_aMurder _xInvestigation _vFiction. |
|
| 651 | 0 |
_aSavannah (Ga.) _vFiction. |
|
| 655 | 7 |
_aDetective and mystery fiction. _2lcgft. |
|
| 800 | 1 |
_aCates, Bailey. _tMagical bakery mystery ; _vbk. 7. |
|
| 907 | _a.b375952238 | ||
| 942 | _cBK | ||
| 999 |
_c31093 _d31091 |
||